Biblioteca

A theological view of impunity (Registro nro. 55548)

Detalles MARC
000 -LÍDER
Campo fijo de descripción fija 01883aab a2200253 i 4500
001 - NÚMERO DE CONTROL
Campo de control 768714001
003 - IDENTIFICADOR DEL NÚMERO DE CONTROL
Campo de control CO-MdFUSB
005 - FECHA Y HORA DE LA ULTIMA TRANSACCIÓN
control field 20260306204522.0
008 - ELEMENTOS DE LONGITUD FIJA -- INFORMACIÓN GENERAL
Campo fijo de descripción fija -- Información general 240709t1998 sz ||||| |||| 00| 0 eng d
040 ## - FUENTE DE CATALOGACIÓN
Idioma de catalogación spa
Agencia que realiza la transcripción CO-MdFUSB
041 ## - CÓDIGO DE IDIOMA
Código de idioma para texto/pista de sonido o título separado eng
100 1# - ASIENTO PRINCIPAL--NOMBRE PERSONAL
Nombre personal Harper, Charles
Término relacionador autor
245 10 - TÍTULO
Título A theological view of impunity
Mención de responsabilidad / Charles Harper
520 ## - NOTA DE RESUMEN, ETC.
Nota de sumario, etc. No pasa un día sin que los medios de comunicación públicos recuerden claramente el tema de la rendición de cuentas por acciones pasadas, la necesidad de alcanzar alguna forma de justicia y lograr la reconciliación. ¿Necesitamos ir más allá de evocar el intenso debate público sobre las políticas de los bancos y el gobierno suizos hacia los refugiados judíos y el oro de origen sospechoso hace cincuenta años? ¿La sensación de creciente impaciencia por la falta de voluntad de la OTAN de arrestar y extraditar a las docenas de criminales de guerra acusados en la ex Yugoslavia para ser juzgados? ¿La continua negativa de Japón, cincuenta años después del hecho, a disculparse formalmente y compensar por el secuestro de 200.000 jóvenes rurales coreanas y de otros países asiáticos para las necesidades sexuales de sus tropas imperiales? ¿El juicio en Francia del segundo alto funcionario del gobierno de Vichy, Maurice Papon? ¿Los lamentables y controvertidos recursos puestos por la ONU a disposición de su tribunal internacional creado para juzgar el genocidio de Ruanda?
546 ## - NOTA DE IDIOMA
Nota de idioma Texto en inglés.
630 #0 - PUNTO DE ACCESO ADICIONAL DE MATERIA - TÍTULO UNIFORME
Título uniforme Ecumenismo e humanismo,
650 #7 - ASIENTO SECUNDARIO DE MATERIA - TERMINO TEMÁTICO
Término temático o nombre geográfico como elemento de entrada Derechos humanos
9 (RLIN) 296
650 #0 - ASIENTO SECUNDARIO DE MATERIA - TERMINO TEMÁTICO
Término temático o nombre geográfico como elemento de entrada Justicia social
9 (RLIN) 1851
650 #0 - ASIENTO SECUNDARIO DE MATERIA - TERMINO TEMÁTICO
Término temático o nombre geográfico como elemento de entrada Iglesia y problemas mundiales
9 (RLIN) 912
650 #7 - ASIENTO SECUNDARIO DE MATERIA - TERMINO TEMÁTICO
Término temático o nombre geográfico como elemento de entrada Teología doctrinal
9 (RLIN) 179
773 0# - ASIENTO DE ITEM FUENTE
Título Reformed World
Biblionumber 49396
Itemnumber 59527
Parte(s) relacionada(s) / Volumen., número. (mes año), páginas Volumen 48, (número 3, 1998) páginas: 106 - 119
Enumeración y primera página página: 106
942 ## - TIPO DE MATERIAL (KOHA)
Tipo de Item KOHA Artículos de Revista
945 ## - INFORMACIÓN LOCAL DEL REGISTRO
Catalogador Catherine Arias Álvarez - Practicante SENA

No hay ítems disponibles.

Biblioteca FUSBC | Teléfono: (57+4) 349 88 10 Ext. 141| WhatsApp (+57) 3005338115 
E-mail: biblioteca@unisbc.edu.co | Calle 76 87-14 Robledo Palenque, Medellín, Colombia

Con tecnología Koha